Statistics for 50 Biggest Cities in Switzerland

Click here to take the quiz!

General Stats

  • This quiz has been taken 469 times
  • The average score is 23 of 50

Answer Stats

RankCantonCity% Correct
1ZHZurich
100%
2GEGeneva
100%
5BEBern
99%
3BSBasel
97%
7LULucerne
93%
4VDLausanne
92%
9TILugano
85%
8SGSt. Gallen
82%
18NENeuenburg
78%
6ZHWinterthur
76%
14FRFribourg
75%
24ZGZug
71%
10BEBiel
68%
16GRChur
67%
11BEThun
66%
20VSSion
66%
15SHSchaffhausen
64%
41AGAarau
62%
29VDMontreux
55%
30TGFrauenfeld
51%
45VDNyon
45%
22VDYverdon
45%
49AGBaden
40%
13NELa Chaux de Fonds
37%
46VDVevey
37%
19ZHUster
35%
32SGWil
32%
26SGRapperswil-Jona
31%
28ZHDietikon
31%
23LUEmmen
28%
36TGKreuzlingen
27%
12BEKöniz
27%
33ZGBaar
25%
35FRBulle
25%
38GECarouge
22%
27ZHDübendorf
22%
25LUKriens
21%
47ZHBülach
21%
31ZHWetzikon
20%
21GELancy
20%
34GEMeyrin
19%
17GEVernier
19%
44ZHHorgen
19%
39BSRiehen
18%
43AGWettingen
16%
40VDRenens
15%
42BLAllschwil
15%
37ZHWädenswil
14%
50ZHAdliswil
11%
48BLReinach
10%

Score Distribution

Percentile by Number Answered

Percent of People with Each Score

Your Score History

You have not taken this quiz